| 000 | 00415nam a2200169Ia 4500 | ||
|---|---|---|---|
| 005 | 20240607054547.0 | ||
| 008 | 240331s9999 xx 000 0 und d | ||
| 020 | _a2825411698 | ||
| 082 |
_bWOM _a362 |
||
| 245 | 0 | _aWomen violence and nonviolent change | |
| 260 |
_aGeneva _bWCC Publications _c1996 |
||
| 300 | _axi,146 p., | ||
| 650 | _aWomen | ||
| 650 | _aViolence | ||
| 700 | _aGnanadason, A. ed | ||
| 942 | _cL | ||
| 999 |
_c2952 _d2952 |
||